000 00505nam a2200181Ia 4500
003 GCL
008 140319s9999 xx 000 0 eng d
040 _aGCL /
_cGCL
082 0 4 _aCC
_b363.5
_bO H
100 1 _aORGANIZATION OF ISLAMIC
245 1 0 _aHOUSING IN THE ISLAMIC CITY /
_cORGANIZATION OF ISLAMIC
700 1 _aCAPITALS & CITIES
260 _a[S.N] :
_bCENTER OF PLANNING & ARCHITECTURAL STUDI ،
_c1986
300 _a335 P
650 0 4 _aHOUSING
650 0 4 _aARCHITECTURE
942 _2ddc
_cBK
999 _c17155
_d17155